000 01235cab a2200433 4500
001 ABS54915
008 090401t1996 xxu||||| |||| 00| 0 eng d
035 _a(Sirsi) u13045
041 _aeng
245 _aEstates Times survey: M3 & M27 corridor
260 _c1996
350 _a0
490 _aEstates Times
_v(1319) 4 April 1996, 9-20(12)
650 _aBASINGSTOKE
650 _aCAMBERLEY
650 _aCHERTSEY
650 _aFRIMLEY
650 _aHAMPSHIRE
650 _aINFRASTRUCTURE ISSUES
650 _aM27 CORRIDOR
650 _aM3 CORRIDOR
650 _aPROPERTY-COMMERCIAL PROPERTY-OFFICE PROPERTY-OFFICE PROPERTY MARKET
650 _aOFFICE RENTS
650 _aPORTSMOUTH
650 _aPUBLIC TRANSPORT
650 _aPROPERTY-COMMERCIAL PROPERTY-RETAIL PROPERTY-RETAIL PROPERTY MARKET
650 _aPROPERTY-INFRASTRUCTURE-TRANSPORT INFRASTRUCTURE-ROAD INFRASTRUCTURE
650 _aSHOPPING CENTRES
650 _aSOLENT
650 _aSOUTHAMPTON AIRPORT
650 _aSOUTHAMPTON
650 _aSUNBURY
650 _aSURREY
650 _aWINCHESTER
650 _aYATELEY
690 _aPROPERTY-COMMERCIAL PROPERTY-COMMERCIAL PROPERTY MARKET
942 _n0
948 _c04/03/1997
999 _c8384
_d8384